| 000 | 01417nam a22003737a 4500 | ||
|---|---|---|---|
| 003 | CHAP | ||
| 005 | 20220329135527.0 | ||
| 008 | 971013s1976 r 00010 d | ||
| 010 | _a38072 | ||
| 011 | _a39044 | ||
| 035 | _a43164 | ||
| 040 | _cCHAP | ||
| 090 | _aTesis | ||
| 100 | 0 | 0 |
_aQuirarte Ramírez, Heriberto. _993481 |
| 245 | _aEfecto de las altas poblaciones de plantas y número de riegos de auxilio sobre el rendimiento y calidad de fibra de dos cultivares de algodonero (Gossypium hirsutum L.) en suelos con Verticillium dahliae K. | ||
| 260 |
_aSaltillo, Coah. : _bEl autor, _c1976 |
||
| 300 |
_a34 h. _b; gráfs. |
||
| 502 | _aTesis (Ing. Agr.) -- Universidad Autónoma Agraria Antonio Narro. División de Agronomía | ||
| 590 |
_aALEPH _b10 _c20130110 _lUCH01 _h1303 |
||
| 590 |
_aBATCH-UPD _b10 _c20130110 _lUCH01 _h0117 |
||
| 590 |
_aBATCH-UPD _b10 _c20130110 _lUCH01 _h1153 |
||
| 590 |
_aBATCH-UPD _b10 _c20130409 _lUCH01 _h2110 |
||
| 590 |
_aBATCH-UPD _b10 _c20130410 _lUCH01 _h0736 |
||
| 590 |
_aBATCH-UPD _b10 _c20130914 _lUCH01 _h0106 |
||
| 590 |
_aCONVERSION _b10 _c20130109 _lUCH01 _h1321 |
||
| 650 | 1 | 4 |
_aAlgodon _xCostos de produccion. _93991 |
| 650 | 1 | 4 |
_aAlgodon _xEnfermedades. _94006 |
| 650 | 1 | 4 |
_aAlgodon _xIrrigacion. _94028 |
| 650 | 1 | 4 |
_aAlgodón _xRendimiento. _94053 |
| 650 | 1 | 4 |
_aVerticillium dahliae. _9118969 |
| 901 | _aBK | ||
| 942 | _cFOLL | ||
| 949 |
_bBC _cTES _d-99099 _eTS2 _i43164 _si |
||
| 999 |
_c38072 _d38072 |
||